000 00481nam a2200181Ia 4500
001 59389
008 151215n ii |||gr||||Z||||||465
020 _a81-239--0931-4
082 _a553
100 _a.Levorsen,
_eA.I.,
245 0 _aGeology of Petroleum
_cA.I.Levorsen
_hTextual Documents
250 _aIst ed - 1985.
260 _aNew Delhi
_bCBS Publishers & Distributors
300 _a724p:
_c23cm.
653 _aEconomic geology
653 _aDept - Geol
942 _2ddc
_cBK
999 _c59268
_d59268